000 00300nam a2200121Ia 4500
008 191201s1996 xx 000 0 und d
100 _aBISHNOI, Kishna Ram
245 0 _aGuru Jambheswar : Vivid Aayam
260 _aN. Delhi
_bB.R.Pub
_c1996
300 _a178
650 _aGeneral Books
942 _2ddc
_cBK
999 _c732
_d732